The man who wouldn't be god/ (Record no. 139602)

MARC details
000 -LEADER
fixed length control field 00444nam a22001697a 4500
005 - DATE AND TIME OF LATEST TRANSACTION
control field 20170508153657.0
010 ## - LCCN (DPL NO)
LC control number ENG-118068
020 ## - INTERNATIONAL STANDARD BOOK NUMBER
International Standard Book Number 9789386050274
Terms of availability 350.00
035 ## - SYSTEM CONTROL NUMBER
System control number EN-101600
037 ## - SOURCE OF ACQUISITION
Source of stock number/acquisition DBAD/PUB
082 ## - DEWEY DECIMAL CLASSIFICATION NUMBER
Classification number N
100 ## - MAIN ENTRY--PERSONAL NAME
Personal name Warrier, Shashi
245 ## - TITLE STATEMENT
Title The man who wouldn't be god/
Statement of responsibility, etc by Shashi Warrier
260 ## - PUBLICATION, DISTRIBUTION, ETC. (IMPRINT)
Place of publication, distribution, etc New Delhi
Name of publisher, distributor, etc Speaking Tiger Publishing
Date of publication, distribution, etc 2016
300 ## - PHYSICAL DESCRIPTION
Extent 296p.
Dimensions 22cm.(pbk)
942 ## - ADDED ENTRY ELEMENTS (KOHA)
Source of classification or shelving scheme Dewey Decimal Classification
Item type English Books
Classification part N
Call number suffix WAR
Holdings
Withdrawn status Lost status Not for loan Collection code Home library Current library Date acquired Source of acquisition Cost, normal purchase price Full call number Barcode Copy number Cost, replacement price Koha item type
      Fiction Ashok Vihar Ashok Vihar 08/05/2017 DBAD/PUB 350.00 N WAR EN-101600 1 350.00 English Books

© Delhi Public Library
Hit Counter
free hit counter